Software engineering (Record no. 4199)

000 -LEADER
fixed length control field 00487 a2200181 4500
020 ## - INTERNATIONAL STANDARD BOOK NUMBER
International Standard Book Number 8129708671
040 ## - CATALOGING SOURCE
Original cataloging agency DLC
Language of cataloging DLC
082 ## - DEWEY DECIMAL CLASSIFICATION NUMBER
Classification number 005.1 SOM
100 ## - MAIN ENTRY--PERSONAL NAME
Personal name Sommerville, Ian.
245 ## - TITLE STATEMENT
Title Software engineering
Statement of responsibility, etc. Sommerville, Ian.
250 ## - EDITION STATEMENT
Edition statement 8th
260 ## - PUBLICATION, DISTRIBUTION, ETC.
Place of publication, distribution, etc. New Delhi
Name of publisher, distributor, etc. Pearson Education
Date of publication, distribution, etc. 2005
300 ## - PHYSICAL DESCRIPTION
Extent xxii, 759 p
Other physical details ill.
Dimensions 24 cm
440 ## - SERIES STATEMENT/ADDED ENTRY--TITLE
Title International computer science series
500 ## - GENERAL NOTE
General note Includes Index
650 ## - SUBJECT ADDED ENTRY--TOPICAL TERM
Topical term or geographic name entry element Software engineering.
942 ## - ADDED ENTRY ELEMENTS (KOHA)
Koha item type Book
Call number prefix 005.1 SOM
Source of classification or shelving scheme
Holdings
Withdrawn status Lost status Damaged status Not for loan Collection code Permanent Location Current Location Shelving location Date acquired Source of acquisition Cost, normal purchase price Total Checkouts Total Renewals Full call number Barcode Date last seen Date last checked out Price effective from Koha item type Checked out
          Central Library (CL) Central Library (CL) First Floor - Software Engineering/ Programming Language 05/19/2009 Star Books 491.25 8 6 005.1 SOM SEECS009473 01/12/2024 03/26/2021 01/05/2017 Book  
          Central Library (CL) Central Library (CL) First Floor - Software Engineering/ Programming Language 05/19/2009 Star Books 491.25 8 5 005.1 SOM SEECS009470 03/02/2021 11/10/2020 01/05/2017 Book  
          Central Library (CL) Central Library (CL) First Floor - Software Engineering/ Programming Language 05/19/2009 Star Books 491.25 10 7 005.1 SOM SEECS009472 01/12/2024 10/01/2019 01/05/2017 Book  
          Central Library (CL) Central Library (CL) First Floor - Software Engineering/ Programming Language 05/19/2009 Star Books 491.25 6 2 005.1 SOM SEECS009471 12/31/2019 09/17/2019 01/05/2017 Book  
          Central Library (CL) Central Library (CL) First Floor - Software Engineering/ Programming Language 10/05/2005 Allied Book Company 355.50 6   005.1 SOM SEECS006517 12/09/2019 10/29/2019 01/05/2017 Book  
          Central Library (CL) Central Library (CL) First Floor - Software Engineering/ Programming Language 03/24/2010 Allied Book Company 589.50 5 1 005.1 SOM SEECS010111 10/25/2016 09/20/2016 01/05/2017 Book  
          Central Library (CL) Central Library (CL) First Floor - Software Engineering/ Programming Language 03/24/2010 Allied Book Company 589.50 5 1 005.1 SOM SEECS010113 08/27/2021 10/17/2016 01/05/2017 Book  
          Central Library (CL) Central Library (CL) First Floor - Software Engineering/ Programming Language 03/24/2010 Allied Book Company 589.50 7 4 005.1 SOM SEECS010112 12/04/2021 12/04/2021 01/05/2017 Book 01/03/2022
© 2023 Central Library, National University of Sciences and Technology. All Rights Reserved.